000 00800nmm a2200265 a 4500
001 ocm000597293
003 TR-IsHL
005 20201028132121.0
008 131028s2008 tu tur
007 cr cn
020 _a9789944257718
035 _a597293
_b(N$T)
050 0 4 _aB132.Y6
_bY3 2008
090 0 4 _aB132.Y6
_bY3 2008
100 1 _aYüce, Başol
245 1 0 _aYoga: meditasyon, gevşeme tekniği
_h[electronic resource] /
_cBaşol Yüce
250 _a1. bs.
260 _aİstanbul :
_bAkis Kitap,
_c2008
300 _a128 p.
650 4 _aSpor, Seyahat ve Turizm
650 4 _aSports, Travel & Tourism
650 0 _aYoga
650 7 _aHEALTH & FITNESS / Yoga
_2bisacsh
856 4 0 _uhttp://search.ebscohost.com/login.aspx?direct=true&scope=site&db=e011xww&AN=597293
999 _c4922
_d4922